000 00413cam a22001097a 4500
008 180718b1969 xxu||||| |||| 00| 0 eng d
082 _aK5096x54 In2t
245 _aThe training institution and the trainer
_cby Training Division, Ministry of Home Affairs, India
260 _aDelhi
_bTraining Division, Ministry of Home Affairs
_c1969
300 _a236p.
700 _aIndia. Ministry of Home Affairs. Training Division
999 _c500047
_d500047